Ca dao Tây Nam Bộ dưới góc nhìn thể loại

Đã lưu trong:
Chi tiết về thư mục
Tác giả chính: Trần Minh Thương
Định dạng: Sách
Ngôn ngữ:Vietnamese
Được phát hành: H. Khoa học xã hội 2015
Những chủ đề:
Các nhãn: Thêm thẻ
Không có thẻ, Là người đầu tiên thẻ bản ghi này!
Thư viện lưu trữ: Mạng thư viện Đại học Đà Nẵng
LEADER 01206nam a2200337 4500
001 000024726
003 21215
005 20170223080221.0
008 170110s2015 viesd
041 0 |a vie 
082 1 4 |a 398.8095978  |b TR-T 
100 1 |a Trần Minh Thương 
245 1 0 |a Ca dao Tây Nam Bộ dưới góc nhìn thể loại  |c Trần Minh Thương 
260 |a H.  |b Khoa học xã hội  |c 2015 
300 |a 335 tr.  |b hình ảnh  |c 21 cm. 
500 |a ĐTTS ghi: Hội văn nghệ dân gian Việt Nam 
650 0 4 |a Ca dao  |x Văn học dân gian  |z Việt Nam (Tây Nam bộ) 
650 0 4 |a Văn học dân gian  |z Việt Nam (Tây Nam bộ) 
653 |a Ca dao 
653 |a Tây Nam bộ 
653 |a Văn học dân gian 
OWN |a LSP 
AVA |a UDN50  |b LSP  |d 398.8095978 TR-T  |e available  |t Error 5001 Not defined in file expand_doc_bib_avail.  |f 1  |g 0  |h N  |i 0  |k 1 
999 |a From the UDN01 
AVA |a UDN50  |b LSP  |d 398.8095978 TR-T  |e available  |t Error 5001 Not defined in file expand_doc_bib_avail.  |f 1  |g 0  |h N  |i 0  |k 1 
TYP |a Monograph 
TYP |a Printed language 
980 |a Mạng thư viện Đại học Đà Nẵng